[Event "Brasschaat op 05th"]
[Site "Brasschaat"]
[Date "2005.08.20"]
[Round "1"]
[White "Leenaerts, Kevin"]
[Black "Van der Voort, Maurice"]
[Result "1-0"]
[WhiteElo "1811"]
[BlackElo "1363"]
[PlyCount "85"]
[EventDate "2005.08.20"]
[EventType "swiss"]
[EventRounds "9"]
[EventCountry "BEL"]
[SourceTitle "CBM 108 Extra"]
[Source "ChessBase"]
[SourceDate "2005.11.04"]
[SourceVersion "1"]
[SourceVersionDate "2005.11.04"]
[SourceQuality "1"]

1. e4 c6 2. d4 d5 3. Nc3 dxe4 4. Nxe4 Bf5 5. Ng3 Bg6 6. Nf3 Nd7 7. Bc4 e6 8. 0-0 Ngf6 9. Bf4 Nd5 10. Bxd5 cxd5 11. Re1 Rc8 12. c3 Be7 13. Qa4 a6 14. Ne5 Bf6 15. Nxg6 hxg6 16. Qb3 Qb6 17. Qa4 Rc4 18. Qb3 Ke7 19. Nf1 Qxb3 20. axb3 Rc6 21. Ne3 Nb6 22. Rac1 Rhc8 23. Nc2 a5 24. Ra1 Ra8 25. Ra2 Nc8 26. Rea1 Rca6 27. Bc7 b6 28. Nb4 Kd7 29. Nxa6 Rxa6 30. Be5 Nd6 31. Bxd6 Kxd6 32. b4 Bd8 33. bxa5 Rxa5 34. Rxa5 bxa5 35. Kf1 Kc6 36. Ke2 Kb5 37. Kd3 Be7 38. b3 Bd6 39. h3 f6 40. c4+ dxc4+ 41. bxc4+ Kb4 42. c5 Bc7 43. Rb1+ 1-0